[Event "PRO League Group Stage"]
[Site "chess.com INT"]
[Date "2020.01.29"]
[Round "4"]
[White "Nihal, Sarin"]
[Black "Can, Isik"]
[Result "1-0"]
[WhiteTitle "GM"]
[BlackTitle "IM"]
[WhiteElo "2618"]
[BlackElo "2374"]
[WhiteTeam "India Yogis"]
[BlackTeam "Turkey Knights"]
[WhiteFideId "25092340"]
[BlackFideId "6383742"]
[EventDate "2020.01.06"]

1. d4 d5 2. c4 c6 3. cxd5 cxd5 4. Bg5 h6 5. Bh4 Qb6 6. Nc3 Qxb2 7. Nxd5 e6 8.
Rb1 Qa3 9. Qc2 Qa5+ 10. Qc3 Qxc3+ 11. Nxc3 a6 12. e4 b5 13. Nf3 Bb7 14. Bd3 Nc6
15. O-O Rc8 16. Nxb5 axb5 17. Bxb5 Ne7 18. Rfd1 g5 19. Bg3 g4 20. Ne5 f6 21. Nc4
Kd8 22. Nd6 1-0

[Event "PRO League Group Stage"]
[Site "chess.com INT"]
[Date "2020.01.29"]
[Round "4"]
[White "Gupta, Abhijeet"]
[Black "Tanriverdi, Enes"]
[Result "0-1"]
[WhiteTitle "GM"]
[BlackTitle "FM"]
[WhiteElo "2603"]
[BlackElo "2400"]
[WhiteTeam "India Yogis"]
[BlackTeam "Turkey Knights"]
[WhiteFideId "5010608"]
[BlackFideId "34543279"]
[EventDate "2020.01.06"]

1. d4 Nf6 2. c4 c5 3. d5 d6 4. Nc3 g6 5. e4 Bg7 6. Nge2 O-O 7. f3 e6 8. Ng3 exd5
9. cxd5 Nbd7 10. Be2 a6 11. a4 h5 12. Bg5 Qa5 13. Qd2 b5 14. O-O b4 15. Nd1 c4
16. Kh1 c3 17. Qc1 Nc5 18. Bc4 Nfd7 19. Bh6 Ne5 20. Bxg7 Kxg7 21. Ne3 h4 22.
Nef5+ Bxf5 23. Nxf5+ gxf5 24. Qg5+ Ng6 25. exf5 Qd8 26. Qg4 cxb2 27. Rab1 Qf6
28. f4 Rae8 29. fxg6 fxg6 30. Qd1 Re4 31. Be2 Rfe8 32. Bf3 Rxf4 33. a5 Qc3 34.
h3 Rd4 35. Qe1 Rxe1 36. Rbxe1 Nd3 37. Re7+ Kh6 0-1

[Event "PRO League Group Stage"]
[Site "chess.com INT"]
[Date "2020.01.29"]
[Round "4"]
[White "Fridman, Daniel"]
[Black "Martirosyan, Haik M."]
[Result "0-1"]
[WhiteTitle "GM"]
[BlackTitle "GM"]
[WhiteElo "2622"]
[BlackElo "2613"]
[WhiteTeam "Israel Counsellors"]
[BlackTeam "Armenia Eagles"]
[WhiteFideId "11600454"]
[BlackFideId "13306553"]
[EventDate "2020.01.06"]

1. d4 Nf6 2. Nf3 e6 3. c4 b6 4. g3 Ba6 5. b3 Bb4+ 6. Bd2 Be7 7. Nc3 d5 8. cxd5
exd5 9. Bh3 O-O 10. O-O Bb7 11. Bf4 c5 12. Nb5 Na6 13. Ne5 Ne4 14. f3 Nd6 15. a4
f5 16. Nxd6 Bxd6 17. Nd3 c4 18. Ne5 Rc8 19. bxc4 dxc4 20. Rc1 g5 21. Bd2 g4 22.
Bg2 Bxe5 23. dxe5 Qd4+ 24. Kh1 Rfd8 25. Bc3 Qxd1 26. Rfxd1 Rxd1+ 27. Rxd1 Nc5
28. Ra1 Bc6 29. fxg4 fxg4 30. Bxc6 Rxc6 31. Kg2 Ne4 32. Bd4 c3 33. Rf1 Nd2 34.
Rf4 c2 35. Bb2 h5 36. Kf2 c1=Q 37. Bxc1 Rxc1 38. e6 Rf1+ 39. Ke3 Rxf4 40. gxf4
h4 41. f5 Kg7 42. Kf4 g3 43. hxg3 h3 44. Ke5 Nc4+ 0-1

[Event "PRO League Group Stage"]
[Site "chess.com INT"]
[Date "2020.01.29"]
[Round "4"]
[White "Andriasian, Zaven"]
[Black "Fridman, Daniel"]
[Result "0-1"]
[WhiteTitle "GM"]
[BlackTitle "GM"]
[WhiteElo "2611"]
[BlackElo "2622"]
[WhiteTeam "Armenia Eagles"]
[BlackTeam "Israel Counsellors"]
[WhiteFideId "13302000"]
[BlackFideId "11600454"]
[EventDate "2020.01.06"]

1. e4 e5 2. Nf3 Nf6 3. Nxe5 d6 4. Nf3 Nxe4 5. Nc3 Nxc3 6. dxc3 Be7 7. Be3 O-O 8.
Qd2 Nd7 9. O-O-O Nf6 10. Bd3 c5 11. h3 Rb8 12. g4 b5 13. g5 Nh5 14. Be4 Be6 15.
Bd5 Qa5 16. Kb1 Rb6 17. Rhe1 g6 18. Nh2 Ra6 19. a3 Rb8 20. Ng4 Bf8 21. Nf6+ Nxf6
22. gxf6 b4 23. c4 Bxd5 24. cxd5 c4 25. Bd4 c3 26. Qd3 cxb2 27. Qb3 Qxa3 28.
Bxb2 Qa5 29. Re4 Qb5 30. h4 h5 31. f4 Qd7 32. Rde1 Rab6 33. Re7 Bxe7 34. fxe7
Re8 35. Qe3 b3 36. cxb3 Qf5+ 37. Kc1 Qxd5 38. Qd4 Qxd4 39. Bxd4 Rb4 40. Bf6 Rxf4
41. Bg5 Rf5 42. Bh6 Re5 43. Rd1 R5xe7 44. Rxd6 Rb7 45. Kc2 Rc8+ 46. Kb2 Rcb8 47.
Rd3 f6 48. Ka3 Kf7 49. Bf4 Re8 50. Bd2 Re4 51. Rd8 Rxh4 52. Rh8 Ke6 53. Re8+ Kf5
54. Rc8 Re4 55. Bc3 h4 56. Rc6 Re5 57. Rc8 g5 58. Rh8 Re3 59. Rc8 Rxc3 60. Rxc3
g4 61. Rc5+ Kg6 62. Rc8 h3 63. Rg8+ Kf5 0-1

[Event "PRO League Group Stage"]
[Site "chess.com INT"]
[Date "2020.01.29"]
[Round "4"]
[White "Martirosyan, Haik M."]
[Black "Roiz, Michael"]
[Result "1-0"]
[WhiteTitle "GM"]
[BlackTitle "GM"]
[WhiteElo "2613"]
[BlackElo "2598"]
[WhiteTeam "Armenia Eagles"]
[BlackTeam "Israel Counsellors"]
[WhiteFideId "13306553"]
[BlackFideId "2804158"]
[EventDate "2020.01.06"]

1. d4 Nf6 2. Nf3 d5 3. c4 e6 4. Nc3 Bb4 5. cxd5 exd5 6. Bf4 O-O 7. Rc1 c6 8. e3
Bd6 9. Be5 Qe7 10. Bd3 Bg4 11. Qb3 Nbd7 12. Bxd6 Qxd6 13. Nd2 c5 14. Qa3 b6 15.
h3 Be6 16. O-O Rfc8 17. Ba6 Rd8 18. Rfd1 Qe7 19. Nb3 Kf8 20. dxc5 Nxc5 21. Nd4
Bd7 22. Bb5 Ne6 23. Qxe7+ Kxe7 24. Bc6 Rac8 25. Bxd5 Nxd4 26. Rxd4 Rc5 27. Rcd1
Be8 28. Bb3 Rdc8 29. e4 g5 30. Re1 Nd7 31. e5 Kf8 32. e6 Nf6 33. f4 g4 34. hxg4
Nxg4 35. Rd8 1-0

[Event "PRO League Group Stage"]
[Site "chess.com INT"]
[Date "2020.01.29"]
[Round "4"]
[White "Mikhalevski, Victor"]
[Black "Sargsyan, Shant"]
[Result "1/2-1/2"]
[WhiteTitle "GM"]
[BlackTitle "GM"]
[WhiteElo "2571"]
[BlackElo "2601"]
[WhiteTeam "Israel Counsellors"]
[BlackTeam "Armenia Eagles"]
[WhiteFideId "2801914"]
[BlackFideId "13306766"]
[EventDate "2020.01.06"]

1. d4 Nf6 2. c4 g6 3. g3 Bg7 4. Bg2 O-O 5. Nf3 d6 6. O-O Ne4 7. Qc2 f5 8. Nc3
Nxc3 9. bxc3 Nc6 10. e4 e5 11. dxe5 Nxe5 12. Nxe5 Bxe5 13. Bh6 Re8 14. Qd2 c6
15. Rfd1 Qf6 16. Bg5 Qg7 17. Rac1 fxe4 18. Bxe4 Bxg3 19. fxg3 Rxe4 20. Re1 Bf5
21. Rxe4 Bxe4 22. Qxd6 Re8 23. Qd4 Qxd4+ 24. cxd4 Bf5 25. Kf2 Bg4 26. Rc2 Rf8+
27. Ke1 Be6 28. Bf4 Rf5 29. c5 g5 30. Be5 h5 31. Rb2 Rf7 32. a3 Bd5 33. Rf2 Bf3
34. Kd2 Kh7 35. h4 g4 36. Ke3 Kg6 37. Bb8 Re7+ 38. Be5 Kf5 39. Rb2 Rf7 40. Bb8
a6 41. a4 Ke6 42. a5 Kd5 43. Rb4 Bg2 44. Bf4 Bf1 45. Rb1 Bb5 46. Rc1 Rf8 47. Rc2
Bf1 48. Rc1 Bg2 49. Rc2 Be4 50. Rc3 Rf7 51. Rc1 Bh7 52. Rc3 Bg6 53. Rc1 Rf8 54.
Rc3 Bf5 55. Rc1 Bc8 56. Rc3 Rf7 57. Rc1 1/2-1/2

[Event "PRO League Group Stage"]
[Site "chess.com INT"]
[Date "2020.01.29"]
[Round "4"]
[White "Steinberg, Nitzan"]
[Black "Davtyan, Artur"]
[Result "0-1"]
[WhiteTitle "GM"]
[BlackTitle "IM"]
[WhiteElo "2542"]
[BlackElo "2437"]
[WhiteTeam "Israel Counsellors"]
[BlackTeam "Armenia Eagles"]
[WhiteFideId "2801795"]
[BlackFideId "13308327"]
[EventDate "2020.01.06"]

1. e4 e5 2. Nf3 Nc6 3. Bb5 a6 4. Ba4 g6 5. d4 exd4 6. Nxd4 Bg7 7. Nxc6 bxc6 8.
Nc3 Ne7 9. h4 h6 10. h5 g5 11. f4 gxf4 12. Bxf4 d6 13. Bb3 Be6 14. Qf3 Qd7 15.
O-O-O Bxb3 16. axb3 Qe6 17. Kb1 Rg8 18. g3 O-O-O 19. Rhf1 Kb7 20. Rd3 Rde8 21.
Be3 f5 22. exf5 Nxf5 23. Bg1 Rgf8 24. Qg4 Nd4 25. Rxf8 Qxg4 26. Rxe8 Nf3 27. Bf2
Qxh5 28. Re7 Bf6 29. Re4 Ne5 30. Rd1 c5 31. b4 Ng4 32. Rd5 Qh3 33. Be1 Bxc3 34.
bxc3 Qh1 35. Rxg4 Qxd5 36. Kc1 Qe6 0-1

[Event "PRO League Group Stage"]
[Site "chess.com INT"]
[Date "2020.01.29"]
[Round "4"]
[White "Tomashevsky, Evgeny"]
[Black "Plat, Vojtech"]
[Result "1-0"]
[WhiteTitle "GM"]
[BlackTitle "GM"]
[WhiteElo "2705"]
[BlackElo "2589"]
[WhiteTeam "Russia Wizards"]
[BlackTeam "Croatia Bulldogs"]
[WhiteFideId "4147235"]
[BlackFideId "325740"]
[EventDate "2020.01.06"]

1. c4 e5 2. h3 Nf6 3. Nc3 d6 4. Nf3 Be7 5. d4 exd4 6. Nxd4 O-O 7. g3 d5 8. cxd5
Nxd5 9. Bg2 Nxc3 10. bxc3 c5 11. Nb3 Qxd1+ 12. Kxd1 a5 13. Be3 Nd7 14. a4 Ra7
15. Kc2 b6 16. Nd2 Ba6 17. Rhe1 Re8 18. Rab1 Rc7 19. Bd5 Kf8 20. Bf4 Rcc8 21.
Nc4 g5 22. Nxb6 Nxb6 23. Rxb6 Bxe2 24. Rxe2 gxf4 25. Re5 Bd8 26. Rxe8+ Kxe8 27.
Rh6 fxg3 28. fxg3 Rc7 29. Rxh7 Bf6 30. Kd3 Kf8 31. Rh5 Rd7 32. Rf5 Kg7 33. g4
Kg6 34. Kc4 Re7 35. Rf3 Rc7 36. Kb5 c4 37. Be4+ Kg7 38. Kxa5 Re7 39. Bc6 Re5+
40. Bb5 Be7 41. Kb6 Re6+ 42. Kb7 Re4 43. a5 Re5 44. Bxc4 1-0

[Event "PRO League Group Stage"]
[Site "chess.com INT"]
[Date "2020.01.29"]
[Round "4"]
[White "Ponkratov, Pavel"]
[Black "Saric, Ante"]
[Result "1-0"]
[WhiteTitle "GM"]
[BlackTitle "GM"]
[WhiteElo "2622"]
[BlackElo "2559"]
[WhiteTeam "Russia Wizards"]
[BlackTeam "Croatia Bulldogs"]
[WhiteFideId "4157800"]
[BlackFideId "14506254"]
[EventDate "2020.01.06"]

1. c4 c5 2. b3 Nf6 3. Bb2 d5 4. cxd5 Nxd5 5. Qc1 b6 6. Nf3 Nc6 7. e4 Ndb4 8. d4
e6 9. a3 Na6 10. Bb5 Bb7 11. Ne5 Nb8 12. dxc5 bxc5 13. O-O Qb6 14. Ba4 Qc7 15.
Rd1 Bd6 16. Qg5 f6 17. Qh5+ g6 18. Nxg6 Bxh2+ 19. Kh1 Qf7 20. Qxh2 Qxg6 21. Qd6
Kf7 22. Rd3 Rg8 23. Rg3 Qh6+ 24. Rh3 Qg6 25. Qh2 Na6 26. Nd2 Rad8 27. Rxh7+ Rg7
28. Rh6 Rxd2 29. Rxg6 Kxg6 30. Bxc6 Bxc6 31. Bxf6 Rh7 32. Bh4 Bxe4 33. Qf4 Bf5
34. Qxd2 Rxh4+ 35. Kg1 1-0

[Event "PRO League Group Stage"]
[Site "chess.com INT"]
[Date "2020.01.29"]
[Round "4"]
[White "Le, Tuan Minh"]
[Black "Demidov, Mikhail"]
[Result "0-1"]
[WhiteTitle "IM"]
[BlackTitle "IM"]
[WhiteElo "2501"]
[BlackElo "2552"]
[WhiteTeam "Croatia Bulldogs"]
[BlackTeam "Russia Wizards"]
[WhiteFideId "12401153"]
[BlackFideId "4197143"]
[EventDate "2020.01.06"]

1. d4 e6 2. Nf3 Nf6 3. Bf4 Bd6 4. Bg3 b6 5. Nc3 Bb4 6. Bh4 Bb7 7. e3 h6 8. Nd2
Bxc3 9. bxc3 d6 10. f3 Nbd7 11. e4 e5 12. Bd3 O-O 13. O-O Re8 14. d5 Nf8 15. Bf2
Ng6 16. Be3 Nf4 17. g3 Nxd3 18. cxd3 c6 19. c4 Qd7 20. Qb3 Qc7 21. a4 c5 22. a5
bxa5 23. Qc3 Reb8 24. Rxa5 Bc8 25. Rfa1 a6 26. R5a2 Rb4 27. d4 exd4 28. Bxd4 Ne8
29. e5 Qb8 30. Be3 dxe5 31. Bxc5 Rb7 32. Re1 Qc7 33. Bf2 Nf6 34. Qxe5 Bd7 35.
Qxc7 Rxc7 36. Ra5 Rb7 37. Bd4 Rb4 38. Bc3 Rb6 39. Bd4 Rb4 40. Rea1 Bc8 41. Bc3
Rb6 42. c5 Rbb8 43. c6 Rb6 44. Bd4 Rb4 45. Bc3 Rb6 46. Rc5 Nxd5 47. Rxd5 Rxc6
48. Rd8+ Kh7 49. Ba5 Rc2 50. Ne4 Rb8 51. Rd2 Rc6 52. Raa2 Bf5 53. Rac2 Re6 54.
Rc4 Bh3 55. Kf2 Rb1 56. g4 Bf1 57. Rc7 Kg6 58. h4 Bb5 59. h5+ Kh7 60. Rxf7 Rxe4
61. Bc3 Rxg4 62. Rd6 Rbg1 63. fxg4 Rf1+ 64. Ke3 Rxf7 65. Rb6 Rd7 66. Bd4 Re7+
67. Kf4 Rf7+ 68. Ke3 Re7+ 69. Kf4 Bd3 70. Be5 Rf7+ 71. Ke3 Re7 72. Kf4 Be2 73.
Bc3 Rf7+ 74. Ke4 Bxg4 75. Rxa6 Bxh5 76. Ra5 Bg4 77. Bd4 g5 78. Ra8 Bf3+ 0-1

[Event "PRO League Group Stage"]
[Site "chess.com INT"]
[Date "2020.01.29"]
[Round "4"]
[White "Livaic, Leon"]
[Black "Anisimov, Pavel2"]
[Result "1-0"]
[WhiteTitle "IM"]
[BlackTitle "GM"]
[WhiteElo "2495"]
[BlackElo "2527"]
[WhiteTeam "Croatia Bulldogs"]
[BlackTeam "Russia Wizards"]
[WhiteFideId "14531534"]
[BlackFideId "4135229"]
[EventDate "2020.01.06"]

1. d4 Nf6 2. c4 e6 3. g3 c5 4. Nf3 cxd4 5. Nxd4 d5 6. Bg2 e5 7. Nb3 d4 8. O-O
Nc6 9. f4 exf4 10. Bxf4 Be6 11. N1d2 Be7 12. Rc1 Ng4 13. Ne4 Ne3 14. Bxe3 dxe3
15. Nbc5 O-O 16. Nxe6 fxe6 17. Rxf8+ Bxf8 18. Qb3 Qb6 19. Rd1 Rd8 20. Rxd8 Nxd8
21. Qxb6 axb6 22. Nc3 Bc5 23. Nb5 Nf7 24. Bxb7 Nd6 25. Nxd6 Bxd6 26. Kg2 Be5 27.
b3 Bc3 28. Kf3 Bd2 29. Ke4 Kf7 30. Kd3 Ke7 31. Kc2 Kd6 32. a3 Kc5 33. Bc8 e5 34.
Be6 Kd4 35. b4 h5 36. Kb3 g5 37. Ka4 Bc1 38. c5 bxc5 39. b5 c4 40. b6 c3 41. Bb3
c2 42. Bxc2 Kc3 43. b7 Kxc2 44. b8=Q Bd2 45. Qxe5 Kd1 46. Qb5 h4 47. gxh4 gxh4
48. Kb3 Ke1 49. Kc2 Kf2 50. Kd3 h3 51. Qg5 Kf1 52. Qg3 Bb4 53. Qxh3+ Kg1 54.
Qg4+ Kh1 55. Ke4 Bd6 56. Kf3 Bxh2 57. Qg2# 1-0

[Event "PRO League Group Stage"]
[Site "chess.com INT"]
[Date "2020.01.29"]
[Round "4"]
[White "Harikrishna, Pentala"]
[Black "Ipatov, Alexander"]
[Result "1-0"]
[WhiteTitle "GM"]
[BlackTitle "GM"]
[WhiteElo "2716"]
[BlackElo "2631"]
[WhiteTeam "India Yogis"]
[BlackTeam "Turkey Knights"]
[WhiteFideId "5007003"]
[BlackFideId "14116731"]
[EventDate "2020.01.06"]

1. d4 g6 2. Nf3 Bg7 3. c3 e6 4. e4 Ne7 5. Bd3 d6 6. Nbd2 Nd7 7. Nf1 b6 8. Be3
Bb7 9. Qd2 h6 10. Ng3 Nf6 11. h3 d5 12. e5 Ne4 13. Qe2 Nf5 14. Bxe4 dxe4 15. Nd2
Qh4 16. Ngxe4 O-O-O 17. g3 Qe7 18. O-O-O Qd7 19. Rhe1 Qa4 20. Kb1 Bxe5 21. b3
Bxe4+ 22. Nxe4 Qc6 23. Bxh6 Rxh6 24. dxe5 Rd5 25. h4 Kb7 26. Nf6 Rxd1+ 27. Rxd1
g5 28. h5 g4 29. Qxg4 Qg2 30. Qf4 Rh8 31. g4 1-0

[Event "PRO League Group Stage"]
[Site "chess.com INT"]
[Date "2020.01.29"]
[Round "4"]
[White "Sethuraman, S.P."]
[Black "Rambaldi, Francesco"]
[Result "1-0"]
[WhiteTitle "GM"]
[BlackTitle "GM"]
[WhiteElo "2638"]
[BlackElo "2570"]
[WhiteTeam "India Yogis"]
[BlackTeam "Turkey Knights"]
[WhiteFideId "5021596"]
[BlackFideId "20657307"]
[EventDate "2020.01.06"]

1. d4 Nf6 2. c4 e6 3. Nc3 Bb4 4. Nf3 b6 5. e3 Bb7 6. Bd3 O-O 7. O-O c5 8. Na4
cxd4 9. exd4 Re8 10. a3 Bf8 11. Nc3 d6 12. Re1 Nbd7 13. b4 Rc8 14. Bb2 g6 15. h3
a6 16. Bf1 Bg7 17. Rc1 Qc7 18. Nd2 Qb8 19. Qb3 Nh5 20. d5 e5 21. Rcd1 f5 22. Nf3
Bf6 23. Bc1 e4 24. Nd4 Ng7 25. Be3 Ne5 26. Na4 Qc7 27. Nxb6 f4 28. Nxc8 fxe3 29.
Rxe3 Bxc8 30. Rxe4 g5 31. c5 Qf7 32. Rde1 Rf8 33. cxd6 Kh8 34. Kh1 g4 35. Qe3
gxh3 36. Rxe5 Bxe5 37. Qxe5 hxg2+ 38. Bxg2 Qxf2 39. Re2 Qh4+ 40. Kg1 Re8 41. Re4
Rxe5 42. Rxh4 Ne8 43. Nc6 Rg5 44. Kf2 Nxd6 45. Bf3 Kg7 46. a4 h6 47. Rd4 Bd7 48.
Rd1 Rf5 49. Ke3 Rf8 50. Rg1+ Kf6 51. Kd4 Nf5+ 52. Kc5 Re8 53. Rf1 Re3 54. Bg4
Kg5 55. Bxf5 Bxf5 56. Nd4 Bg4 57. d6 h5 58. Rf7 Re5+ 59. Kc6 Re4 60. Kd5 Re1 61.
d7 Bxd7 62. Rxd7 h4 63. Nf3+ 1-0

[Event "PRO League Group Stage"]
[Site "chess.com INT"]
[Date "2020.01.29"]
[Round "4"]
[White "Tanriverdi, Enes"]
[Black "Nihal, Sarin"]
[Result "0-1"]
[WhiteTitle "FM"]
[BlackTitle "GM"]
[WhiteElo "2400"]
[BlackElo "2618"]
[WhiteTeam "Turkey Knights"]
[BlackTeam "India Yogis"]
[WhiteFideId "34543279"]
[BlackFideId "25092340"]
[EventDate "2020.01.06"]

1. d4 d5 2. c4 c6 3. Nf3 Nf6 4. e3 Bf5 5. Nc3 e6 6. Nh4 Be4 7. f3 Bg6 8. Qb3 Qc7
9. Bd2 Be7 10. cxd5 Nxd5 11. Nxg6 hxg6 12. O-O-O Nd7 13. e4 Nxc3 14. Bxc3 O-O-O
15. g3 Kb8 16. Kb1 Rh5 17. f4 Nf6 18. Qc2 Ka8 19. Be2 Rhh8 20. Bf3 Qb6 21. Qa4
Rd7 22. Rd2 a6 23. Qc4 Qb5 24. b3 Rhd8 25. Rhd1 Qb6 26. Kc2 Ne8 27. a4 Qc7 28.
Kb2 b5 29. axb5 axb5 30. Qe2 b4 31. Qa6+ Kb8 32. Ra1 Qb7 33. Qc4 bxc3+ 34. Qxc3
Bb4 0-1

[Event "PRO League Group Stage"]
[Site "chess.com INT"]
[Date "2020.01.29"]
[Round "4"]
[White "Can, Isik"]
[Black "Gupta, Abhijeet"]
[Result "0-1"]
[WhiteTitle "IM"]
[BlackTitle "GM"]
[WhiteElo "2374"]
[BlackElo "2603"]
[WhiteTeam "Turkey Knights"]
[BlackTeam "India Yogis"]
[WhiteFideId "6383742"]
[BlackFideId "5010608"]
[EventDate "2020.01.06"]

1. e4 c5 2. Nf3 d6 3. d4 cxd4 4. Nxd4 Nf6 5. Nc3 Nc6 6. Bg5 e6 7. Qd2 a6 8.
O-O-O Bd7 9. f4 b5 10. Bxf6 gxf6 11. Kb1 Qb6 12. Nce2 Na5 13. Ng3 h5 14. Be2 h4
15. Nh5 Be7 16. Qe1 h3 17. Qh4 O-O-O 18. Qxh3 Kb8 19. g4 Bc8 20. Rhe1 Bb7 21.
Bf1 d5 22. exd5 Rxd5 23. Nb3 Nc4 24. Rxd5 Bxd5 25. Qg3 Rc8 26. Bg2 Bxg2 27. Qxg2
a5 28. Nd2 Nxb2 29. Ne4 Nc4 30. c3 f5 31. gxf5 exf5 32. Nd2 Na3+ 33. Kb2 b4 34.
c4 Qd4+ 35. Kb3 Nxc4 36. Rxe7 Qd3+ 37. Ka4 Nb6+ 38. Kxa5 Rc5+ 39. Kxb4 Rb5# 0-1

[Event "PRO League Group Stage"]
[Site "chess.com INT"]
[Date "2020.01.30"]
[Round "4"]
[White "Van der Lende, Ilias"]
[Black "Edouard, Romain"]
[Result "1-0"]
[WhiteTitle "IM"]
[BlackTitle "GM"]
[WhiteElo "2393"]
[BlackElo "2640"]
[WhiteTeam "Netherlands Mosquitoes"]
[BlackTeam "France Roosters"]
[WhiteFideId "1019260"]
[BlackFideId "633429"]
[EventDate "2020.01.06"]

1. e4 c5 2. c3 d5 3. exd5 Qxd5 4. d4 Nf6 5. Nf3 Bg4 6. Nbd2 e6 7. Qa4+ Nbd7 8.
Bc4 Qc6 9. Bb5 Qc8 10. Ne5 Bf5 11. Ndc4 h6 12. Nxd7 Nxd7 13. Ne5 Qd8 14. Bxd7+
Ke7 15. Bb5 cxd4 16. Qxd4 Qxd4 17. cxd4 Rd8 18. Be3 f6 19. Nf3 Kf7 20. O-O Be4
21. Nd2 Bd5 22. Rfc1 Bd6 23. Bc4 Bc6 24. Nb3 Rhe8 25. Nc5 f5 26. g3 Kf6 27. Nxe6
Rxe6 28. d5 Rxe3 29. fxe3 Bd7 30. Kf2 Re8 31. Bb3 g5 32. Rc2 h5 33. Rac1 a5 34.
Rc7 Bxc7 35. Rxc7 a4 36. Bd1 Rd8 37. Rxb7 Be8 38. Rb6+ Ke5 39. Bf3 Bf7 40. Rb7
Kf6 41. Rb5 Rc8 42. Rb6+ Ke5 43. d6 Rc2+ 44. Ke1 Be6 45. Bd1 Rxh2 46. Bxa4 Rh1+
47. Kd2 Rh2+ 48. Kc3 h4 49. gxh4 Rxh4 50. d7 Rh8 51. Kd3 g4 52. Ke2 Rh2+ 53. Kf1
Rd2 54. Ke1 Rd3 55. Ke2 Bc4 56. Bb5 Rxd7+ 57. Bxc4 Re7 58. a4 f4 59. exf4+ Kxf4+
60. Kf2 g3+ 61. Kg2 Re4 62. b3 Rd4 63. Rf6+ Ke5 64. Re6+ Kf4 65. Re2 Rd8 66. Ra2
Rh8 67. Kg1 Kf3 68. a5 Re8 69. Bd5+ Kf4 70. a6 Re2 71. Rxe2 1-0

[Event "PRO League Group Stage"]
[Site "chess.com INT"]
[Date "2020.01.30"]
[Round "4"]
[White "Vrolijk, Liam"]
[Black "Bauer, Christian"]
[Result "1-0"]
[WhiteTitle "IM"]
[BlackTitle "GM"]
[WhiteElo "2478"]
[BlackElo "2625"]
[WhiteTeam "Netherlands Mosquitoes"]
[BlackTeam "France Roosters"]
[WhiteFideId "1048333"]
[BlackFideId "603767"]
[EventDate "2020.01.06"]

1. c4 e5 2. g3 Nc6 3. Bg2 Bc5 4. Nc3 a6 5. Nf3 d6 6. e3 Ba7 7. d4 exd4 8. Nxd4
Nge7 9. O-O O-O 10. Nxc6 Nxc6 11. b3 Ne5 12. h3 Rb8 13. Bb2 b5 14. cxb5 axb5 15.
Rc1 b4 16. Nd5 Ba6 17. Bxe5 dxe5 18. Re1 c5 19. Qh5 Bd3 20. Qxe5 Re8 21. Qf4 Rc8
22. Rcd1 Bb8 23. Qg4 Bg6 24. Nxb4 Qa5 25. Nc6 Qc7 26. Rd7 Qxc6 27. Bxc6 Rxc6 28.
Red1 Rcc8 29. Qc4 Bc7 30. Qxc5 1-0

[Event "PRO League Group Stage"]
[Site "chess.com INT"]
[Date "2020.01.30"]
[Round "4"]
[White "Gozzoli, Yannick"]
[Black "Van Wely, Loek"]
[Result "0-1"]
[WhiteTitle "GM"]
[BlackTitle "GM"]
[WhiteElo "2604"]
[BlackElo "2609"]
[WhiteTeam "France Roosters"]
[BlackTeam "Netherlands Mosquitoes"]
[WhiteFideId "616915"]
[BlackFideId "1000268"]
[EventDate "2020.01.06"]

1. d4 Nf6 2. Nf3 d5 3. c4 c6 4. Nc3 e6 5. Bg5 h6 6. Bh4 dxc4 7. e4 g5 8. Bg3 b5
9. Be2 Bb7 10. O-O Nbd7 11. e5 Nd5 12. a4 Qb6 13. a5 Qa6 14. Nxd5 cxd5 15. Ne1
O-O-O 16. f4 Be7 17. fxg5 Bxg5 18. Nc2 Qc6 19. h4 Be7 20. Rxf7 Rhg8 21. Be1 Rde8
22. Bb4 Bxb4 23. Nxb4 Qc7 24. Qd2 Qd8 25. Qxh6 Rh8 26. Qg5 Rxh4 27. Qxd8+ Kxd8
28. a6 Ba8 29. g4 Reh8 30. Bf3 R8h7 31. Rxh7 Rxh7 32. Ra5 Rf7 33. Kg2 Rf4 34.
Nc2 Bc6 35. Kg3 Rf8 36. g5 Kc7 37. Bg4 Rg8 38. Kf4 Nf8 39. Nb4 Ng6+ 40. Kg3 Ne7
41. Bxe6 Rxg5+ 42. Kf3 Rg1 43. Ke3 Rg3+ 44. Kf4 Rb3 45. Nxc6 Nxc6 46. Ra1 Nxd4
47. Bxd5 Rxb2 48. Ke4 Nb3 49. Rh1 Re2+ 50. Kf4 Nc5 51. Rh7+ Kb6 52. Kf5 c3 53.
Rh1 c2 54. e6 b4 55. Kf6 b3 0-1

[Event "PRO League Group Stage"]
[Site "chess.com INT"]
[Date "2020.01.30"]
[Round "4"]
[White "Cornette, Matthieu"]
[Black "Van Foreest, Jorden"]
[Result "0-1"]
[WhiteTitle "GM"]
[BlackTitle "GM"]
[WhiteElo "2555"]
[BlackElo "2644"]
[WhiteTeam "France Roosters"]
[BlackTeam "Netherlands Mosquitoes"]
[WhiteFideId "620084"]
[BlackFideId "1039784"]
[EventDate "2020.01.06"]

1. e4 e5 2. Nf3 Nc6 3. Bb5 Nf6 4. O-O Nxe4 5. Re1 Nd6 6. a4 a6 7. Nxe5 Be7 8.
Bf1 O-O 9. Nf3 Nf5 10. d4 d5 11. g3 h6 12. c3 Nd6 13. Ne5 Nxe5 14. dxe5 Ne4 15.
Nd2 Bf5 16. Nxe4 dxe4 17. Be3 Qxd1 18. Raxd1 Rad8 19. a5 Bg4 20. Rxd8 Rxd8 21.
b4 Bf3 22. Be2 Rd5 23. Bc4 Rd8 24. Be2 Kf8 25. Kf1 Rd5 26. Bxf3 exf3 27. Ba7 c5
28. bxc5 Ke8 29. Rb1 Bxc5 30. Bxc5 Rxc5 31. Rxb7 Rxa5 32. Ke1 Rxe5+ 33. Kf1 Rb5
34. Rxb5 axb5 35. Ke1 Kd7 36. Kd2 Kd6 37. Kd3 Kd5 38. g4 Kc5 39. h3 Kd5 40. Ke3
Kc4 41. Kd2 Kb3 42. h4 Kb2 43. Kd3 Kc1 0-1

[Event "PRO League Group Stage"]
[Site "chess.com INT"]
[Date "2020.01.30"]
[Round "4"]
[White "Sonis, Francesco"]
[Black "Hammer, Jon Ludvig"]
[Result "0-1"]
[WhiteTitle "IM"]
[BlackTitle "GM"]
[WhiteElo "2458"]
[BlackElo "2628"]
[WhiteTeam "Italy Gladiators"]
[BlackTeam "Norway Gnomes"]
[WhiteFideId "895733"]
[BlackFideId "1503707"]
[EventDate "2020.01.06"]

1. c4 e5 2. Nc3 Nf6 3. Nf3 Nc6 4. e3 g6 5. d4 d6 6. dxe5 Nxe5 7. Be2 Bg7 8. O-O
O-O 9. b3 Ne4 10. Nxe4 Nxf3+ 11. Bxf3 Bxa1 12. Ba3 Bg7 13. Qd2 a5 14. Rd1 a4 15.
b4 Be6 16. Qc1 Qc8 17. b5 Bg4 18. Bxg4 Qxg4 19. f3 Qe6 20. b6 f5 21. Nc3 Qxc4
22. Nd5 Qxc1 23. Rxc1 c6 24. Nc7 Rac8 25. Ne6 Rfe8 26. Nxg7 Rxe3 27. Nxf5 gxf5
28. Bxd6 Rd8 29. Bb4 Re2 30. a3 Kf7 31. Kf1 Rb2 32. Re1 Rd7 33. h3 h5 34. Kg1
Rxb4 35. axb4 Rd4 36. Rb1 a3 37. Kf2 a2 38. Ra1 Rd2+ 39. Kg3 Ke6 40. h4 Ke5 41.
Re1+ Kd4 42. Rc1 Rb2 43. Kf4 0-1